The frog prince / (Record no. 49793)
| 000 -LEADER | |
|---|---|
| fixed length control field | 00900nam a2200253 4500 |
| 003 - CONTROL NUMBER IDENTIFIER | |
| control field | Uk |
| 016 7# - NATIONAL BIBLIOGRAPHIC AGENCY CONTROL NUMBER | |
| Record control number | 016057926 |
| Source | Uk |
| 020 ## - INTERNATIONAL STANDARD BOOK NUMBER | |
| International Standard Book Number | 9781409547020 (pbk.) : |
| Terms of availability | £4.99 |
| 020 ## - INTERNATIONAL STANDARD BOOK NUMBER | |
| International Standard Book Number | 1409547027 (pbk.) : |
| Terms of availability | £4.99 |
| 040 ## - CATALOGING SOURCE | |
| Original cataloging agency | StDuBDS |
| Language of cataloging | eng |
| Transcribing agency | StDuBDS |
| Modifying agency | Uk |
| 042 ## - AUTHENTICATION CODE | |
| Authentication code | ukblcatcopy |
| 082 04 - DEWEY DECIMAL CLASSIFICATION NUMBER | |
| Classification number | 823.92 |
| Edition number | 23 |
| 100 ## - MAIN ENTRY--PERSONAL NAME | |
| Personal name | Davidson, Susanna, |
| Relator term | author. |
| 9 (RLIN) | 37287 |
| 245 14 - TITLE STATEMENT | |
| Title | The frog prince / |
| Statement of responsibility, etc | illustrated by Mike and Carl Gordon ; retold by Susanna Davidson ; based on the fairytale by the Brothers Grimm. |
| 260 ## - PUBLICATION, DISTRIBUTION, ETC. (IMPRINT) | |
| Place of publication, distribution, etc | London : |
| Name of publisher, distributor, etc | Usborne, |
| Date of publication, distribution, etc | 2011. |
| 300 ## - PHYSICAL DESCRIPTION | |
| Extent | [24] p. : |
| Other physical details | chiefly col. ill. ; |
| Dimensions | 25 cm. |
| 650 #0 - SUBJECT ADDED ENTRY--TOPICAL TERM | |
| Topical term or geographic name as entry element | Frog Prince (Tale) |
| Form subdivision | Pictorial works |
| -- | Juvenile fiction. |
| 9 (RLIN) | 86920 |
| 655 #0 - INDEX TERM--GENRE/FORM | |
| Genre/form data or focus term | Fairy tales. |
| 9 (RLIN) | 21974 |
| 700 1# - ADDED ENTRY--PERSONAL NAME | |
| Personal name | Gordon, Carl, |
| Dates associated with a name | 1972- |
| 700 1# - ADDED ENTRY--PERSONAL NAME | |
| Personal name | Gordon, Mike, |
| Dates associated with a name | 1948 March 16- |
| 9 (RLIN) | 60096 |
| 700 1# - ADDED ENTRY--PERSONAL NAME | |
| Personal name | Grimm, Jacob, |
| Dates associated with a name | 1785-1863. |
| 700 1# - ADDED ENTRY--PERSONAL NAME | |
| Personal name | Grimm, Wilhelm, |
| Dates associated with a name | 1786-1859. |
| 942 ## - ADDED ENTRY ELEMENTS (KOHA) | |
| Source of classification or shelving scheme | |
| Koha item type | Book |
| Withdrawn status | Lost status | Source of classification or shelving scheme | Damaged status | Not for loan | Home library | Current library | Date acquired | Total Checkouts | Full call number | Barcode | Date last seen | Date checked out | Price effective from | Koha item type |
|---|---|---|---|---|---|---|---|---|---|---|---|---|---|---|
| Logos International School | Logos International School | 11/19/2025 | 1 | J 398.2 FRO DAV | 041983 | 03/13/2026 | 03/06/2026 | 11/19/2025 | Book |